| 000 | 00364pam a2200157 a 4500 | ||
|---|---|---|---|
| 020 | _c | ||
| 041 | _h | ||
| 082 | _a641.013 | ||
| 100 |
_aCRACKNELL H.L. _eAuthor |
||
| 245 |
_aPRACTICAL PROFESSIONAL GASTRONOMY _cCRACKNELL H.L. _hTextual Documents |
||
| 250 | _a1st | ||
| 260 |
_aLondon _bMamillan Edu |
||
| 300 | _a410 | ||
| 700 | _eCo-Author | ||
| 930 | _a3790 | ||
| 999 |
_c231187 _d231187 |
||